00704nam a2200193 a 450000100100000000500170001000800410002702000150006804000250008308200130010810000270012124500960014826000470024430000360029159000260032770000290035395201110038299900170049300004250520201002040210.0131205s1989 ag ac 000 0 spa d a9505110723 aDO-SdBNPbspacBNPHU axxxbxxx1 aDoman, Fabián96943214aLos Alsogaray :bsecretos de una dinastía y su corte /cFabián Doman, Martín Olivera. aBuenos Aires, Argentina :bAguilar,c1989. a239 p. :bil., retrs. ;c22 cm. aInventariado, 2019/VM12aOlivera, Martín969433 001050718MOaGRbGRcHDd2013-12-05iLF1l0oxxx xxxp42505-10r2020-06-25w2020-06-25y1ZNo se presta c41994d41994